000
00315nam a22001337a 4500
008
170904b xxu||||| |||| 00| 0 eng d
020
_a
9780137085149
041
_a
eng
080
_2
4 ed
_a
070
100
_a
40
101
_a
med
245
_a
LEARNING TO THINK THINGS THROUGH
_c
NOSICH.G.M
942
_2
udc
_c
BK
999
_c
25997
_d
25997